| 000 | 00393pam a2200157a 44500 | ||
|---|---|---|---|
| 008 | 230405s1996 xxu||||| |||| 00| 0 eng d | ||
| 041 | _aENG | ||
| 100 | _aBLAIR TAYLOR | ||
| 245 | _aDEVELOPING ENTERPRISE APPLICATION WITH POWER BUILDER | ||
| 250 | _a1996 | ||
| 260 |
_a _bCBS PUB.& DISRIBUTERS _c1996 |
||
| 300 | _a691 | ||
| 650 | _aPROGRAMMING LANGUAGE | ||
| 690 | _aMBA | ||
| 906 | _a2456 | ||
| 999 |
_c283267 _d283267 |
||